000
00275nam a22001217a 4500
999
_c
164355
_d
164355
082
_a
_b
100
_a
Pritham Singh
245
_a
Handbook of pupil evaluation/
_c
by Pritham Singh.
260
_a
New Delhi:
_b
Allied,
_c
1988.
300
_a
506p.
650
_a
942
_c
BK